Japonya Ülke Testi - Statistics

General Stats
  • This quiz has been taken 638 times
  • The average score is 8 of 24
Answer Stats
İpucu Cevap % Correct
Başkent Tokyo
95%
Para birimi Yen
87%
Japon çizgi romanlarının adı Manga
70%
Kutlanan ağaç çiçeği Sakura
62%
En uzun dağ Fuji Dağı
58%
Geleneksel dinler Budizm
45%
Resmi günlerde giyilen Japon cübbesi Kimono
41%
İkinci en kalabalık kentsel alan Osaka
39%
Geleneksel dinler Shinto
35%
Sanayi öncesi Japonya'nın askeri soyluları Samurai
33%
Ulusal spor Sumo
33%
Eski başkent ve tapınaklar şehri Kyoto
31%
Japonya’nın Japonca adı Nihon
30%
Fermente pirinçten yapılan alkollü içecek Sake
27%
En popüler seyirci sporu Beyzbol
20%
Geleneksel hostes ve şovmen Geyşa
14%
Ana adalar Hokkaido
14%
Yukarıdakinin eski adı Edo
11%
Karatenin icat edildiği en güneydeki vilayet Okinawa
10%
Ana adalar Honshu
7%
Ana adalar Kyushu
6%
Kobe şehri bu yemekle ünlüdür Sığır eti
6%
Takma ad {Yükselen} {Güneş} Ülkesi
6%
Ana adalar Shikoku
4%
No matching quizzes found
Score Distribution
Percent of People with Each Score
Percentile by Number Answered
Your Score History
You have not taken this quiz